000 00747nam a2200205 i 4500
001 50421
003 ES-MaACL
005 20260201184134.0
007 t|
008 030804s1911 fr ||||1| fre d
100 1 _aCrussard, L.
_941777
245 1 0 _aExploitation des mines
_b: la taille et les voies contigües a la taille /
_cL. Crussard.
260 _aParis :
_bO. Doin,
_c1911 (
_eTours :
_fMame)
300 _aX 393 p. :
_bil. ;
_c18 cm.
490 1 _aEncyclopédie scientifique. Bibliothèque de mécanique appliquée et génie ;
_v51 a
650 0 4 _aMinería.
_915054
830 0 _aEncyclopédie Scientifique. Bibliothèque de mécanique appliquée et génie
_v51 a
_9186588
852 _aES-MaACL
_jD-4375
999 _c50421
_d50421